Quizzes
Events
Quiz Creation
Community
Videos
Private Events
Remove Ads
Sign In
Join for FREE
Feedback
Dark Mode
Quiz Categories
Sports
Geography
Music
Movies
Television
Just For Fun
Miscellaneous
History
Literature
Language
Science
Gaming
Entertainment
Religion
Holiday
For Kids
Quiz Lab
Recent
Popular Today
Quiz Kudos Today
Editor Picks
Curator Picks
Quizzes by...
Day
Popularity
Type
Ratings
Length
Year
Community
Subscriptions
Recent Discussions
Orange Saloon
Badges
Playlists
Quests
Create
Leaderboards
Showdown
Live 5
Trivia Bingo
Activity
Puzzle Library
Sporcle Events
Private Events
Virtual Trivia
Globe League
Become a Host
Pub Owners
SporcleCon
Opinionation
Our Games
Videos
Blog
Mobile Apps
Partnerships
Remove Ads and Go Orange
Feedback
Literature
Harry Potter
A Song of Ice and Fire
The Hunger Games
Literary Character
Shakespeare
Book
Author
Novel
Poem
Young Adult
Children's Books
Play
Lord of the Rings
Literature
Harry Potter
A Song of Ice and Fire
The Hunger Games
Literary Character
Shakespeare
Book
Author
Novel
Poem
Young Adult
Children's Books
Play
Lord of the Rings
Random Quiz
Search Sporcle
×
Quiz Lab
Quiz Lab
Literature
Comic Books
Type in answers that appear in a list
Type in answers that appear in a list
Classic
Best Score? Go Orange.
Comic Strip Creators Stats
Can you name the Comic Strip Creators?
By
jumper302
4m
10 Questions
21 Plays
21 Plays
21 Plays
Comments
Comments
Give Quiz Kudos
Give Quiz Kudos
-
- Ratings
hide this ad
Replay
Link that replays current quiz
Next Quiz
Link to next quiz in quiz playlist
You Got
0%
They Got
Avg Score
39%
Avg Friend Score
Upgrade to see
Score Distribution
Jump to the score distribution portion of the page
Score
0/10
Timer
04:00
0
Plays Today
Comic
Creator
% Correct
Calvin and Hobbes
Bill Watterson
71.4%
Dilbert
Scott Adams
71.4%
Garfield
Jim Davis
71.4%
Peanuts
Charles M Schulz
66.7%
Family Circus
Bil Keane
57.1%
Get Fuzzy
Darby Conley
23.8%
Slylock Fox
Bob Weber Jr.
9.5%
Marmaduke
Brad Anderson
9.5%
F Minus
Tony Carrillo
4.8%
The Born Loser
Art Sansom
4.8%
Quiz Playlist
Details
Report
Send in Message
Add To Playlist
Classic:
Type in answers that appear in a list
Last Updated: Feb 16, 2017
Quiz Scoreboard
CHALLENGE
Sign Up to Join the Scoreboard
Show All
Scores
Hide
Comments
May contain spoilers
Recently Published
An Introduction to Baseball
by treessimontrees
Sports
5m
Movies - When Are They Set?
by FPL_Elf
Movies
5m
Popular People in 1961
by mucciniale
History
6m
More to Explore
Quiz From the Vault
Featured Blog Post
Where Did the Easter Bunny Come From?
hide this ad
You Might Also Like...
Tags
Comic Books Quiz
Comic Strips
creator
strip
Today's Top Quizzes in Literature
Browse Literature
hide this ad
Today's Top Quizzes in Comic Books
Browse Comic Books
Top Contributed Quizzes in Literature
1
Sneaky Slytherin Logic Puzzle
2
One Thing in Common: Literature
3
Get The Picture: Black or White Literature
4
One Thing in Common: Literature 3
5
Harry Potter Neighbourly Logic Puzzle #3
6
One Thing in Common: Literature II
7
One Thing in Common: Books
8
Harry Potter Neighbourly Logic Puzzle #5
9
Weasley Family Reunion: Logic Puzzle
10
7 to 1: Literature by Subcategory
Explore More
Trending Topics
Harry Potter
Crossword
NBA
Kpop
Disney
Marvel
Anime
WWE
Song
Puzzle
Pokémon
NFL
Soccer
The Office
Country
hide this ad
More By:
jumper302
Quiz
Plays
Rating
Category
Featured
Created
The Cosby Show Cast
427
2.11
Television
Aug 27, 2010
Americas Got Talent Winners and others
363
2.60
Television
Aug 12, 2010
Star Wars Clone Wars Episodes
260
5.00
Television
Sep 30, 2010
Return of the King Movie Characters
217
4.33
Movies
Sep 6, 2010
Two Towers Movie Characters
180
4.00
Movies
Aug 10, 2010
Go to Creator's Profile
Score Distribution
Quiz Creator Spotlight
jumper302
Follow
Send a Message
Quizzes Created
-
Created Quiz Play Count
-
More By This Creator
Popular Quizzes Today
1
Find the Countries of Europe - No Outlines Minefield
2
Find the US States - No Outlines Minefield
3
The Countries of the World
4
Popular People in 1961
5
Find the US States
6
US States
7
1-10 Letter E Words III
8
Risky Map Clicking: Biggest States A-Z
More Literature Quizzes
Mixed Word: Literature Subcategories
Editor's Pick
Trending Quizzes
Risky Map Clicking: Least Populous States A-Z
1-10 Letter F Words
1-10 Letter G Words
Not Quite an Element Typing Challenge
One Thing in Common: United Kingdom
Recently Updated
Leaping Animals
pecheneg
Reality TV Shows (A-Z)
bhenderson79
Rickey Henderson's Hall of Fame Teammates
pecheneg
Champions League XIs: Arsenal
pecheneg
Quick Pick: Celebrities in WWE's Hall of Fame
aduchscher
A-Z Keypad Blitz II
pecheneg
Multiple Oscar Actors
pecheneg
Mystery Phrase Blitz: Oscar 'Best Actors'
pecheneg
F. Scott Fitzgerald Novels
LTH
Pick 3 Villains
ddd62291
Trending Topics
Kpop
Harry Potter
Anime
NBA
Crossword
Marvel
Disney
Puzzle
Pokémon
NFL
WWE
Song
The Office
Country
Soccer
Your Account Isn't Verified!
In order to create a playlist on Sporcle, you need to verify the email address you used during registration. Go to your
Sporcle Settings
to finish the process.
Report this User
Report this user for behavior that violates our
Community Guidelines
.
Details:
Send Report
Go to the Sporcle.com Mobile Site →
Comments